Statistics for India's state and union territory capitals Quiz

Click here to take the quiz!

General Stats

  • This quiz has been taken 709 times
  • The average score is 26 of 36

Answer Stats

Hint Answer % Correct
Andhra PradeshHyderabad
94%
BiharPatna
91%
GoaPanaji
89%
Jammu and KashmirSrinagar
89%
GujaratGandhinagar
88%
HaryanaChandigarh
88%
AssamDispur
87%
TelanganaHyderabad
86%
Tamil NaduChennai
86%
ChhattisgarhRaipur
85%
Arunachal PradeshItanagar
83%
Madhya PradeshBhopal
83%
MaharashtraMumbai
80%
JharkhandRanchi
80%
Himachal PradeshShimla
79%
RajasthanJaipur
78%
ManipurImphal
76%
NagalandKohima
74%
KeralaThiruvananthapuram
72%
West BengalKolkata
70%
SikkimGangtok
69%
Uttar PradeshLucknow
68%
MeghalayaShillong
63%
DelhiDelhi
61%
KarnatakaBengaluru
61%
Andaman and Nicobar IslandsPort Blair
57%
Daman and DiuDaman
56%
MizoramAizawl
55%
OrissaBhubaneswar
53%
PondicherryPondicherry
53%
UttarakhandDehradun
53%
TripuraAgartala
50%
Dadar and Nagar HaveliSilvassa
43%
LakshadweepKavaratti
42%

Score Distribution

Percentile by Number Answered

Percent of People with Each Score

Your Score History

You have not taken this quiz